[Event "Ch Netherlands"]
[Site "masterchessopen.com Amsterdam (Netherlands)"]
[Round "8"]
[White "Van Den Berg Carel B (NED)"]
[Black "Cortlever Nicolaas (NED)"]
[Result "1/2-1/2"]
[WhiteElo "2410"]
[BlackElo "2390"]

1.d4 Nf6 2.c4 g6 3.g3 Bg7 4.Bg2 d5 5.cxd5 Nxd5 6.e4 Nb4 7.d5 c6 8.Ne2 O-O
9.O-O cxd5 10.exd5 Bf5 11.Nbc3 Qd7 12.Nf4 N8a6 13.a3 Nc2 14.Ra2 Nd4 15.b4 Rac8
16.Nfe2 Nxe2+ 17.Nxe2 Bh3 18.Bxh3 Qxh3 19.Be3 Qd7 20.Bxa7 Ra8 21.Bd4 Qxd5
22.Rd2 Bxd4 23.Rxd4 Qf3 24.Qd3 Qxd3 25.Rxd3 Rfd8 26.Rfd1 Rxd3 27.Rxd3 Kf8
28.Rd7 Rb8 29.Nc3 Ke8 30.Rd3 {#d} 1/2-1/2

[Event "Match \"]
[Site "masterchessopen.com Dusseldorf (Germany)"]
[Round "2"]
[White "Donner Jan-Hein (NED)"]
[Black "Teschner Rudolf (GER)"]
[Result "1/2-1/2"]
[WhiteElo "2430"]
[BlackElo "2295"]

1.d4 Nf6 2.c4 g6 3.g3 Bg7 4.Bg2 d5 5.cxd5 Nxd5 6.e4 Nb4 7.d5 O-O 8.a3 N4a6
9.Ne2 c6 10.O-O cxd5 11.exd5 Nd7 12.Nbc3 Ne5 13.b3 Bg4 14.Be3 Nf3+ 15.Bxf3
Bxf3 16.Bd4 Bxe2 17.Nxe2 Qxd5 18.Bxg7 Qxd1 19.Raxd1 Kxg7 20.Rd7 Nc5 21.Rxe7
Rfe8 22.Rxe8 Rxe8 23.Nc1 Re6 24.Rd1 Ra6 25.b4 Ne4 26.Rd3 Rc6 27.Ne2 Rc2 28.Re3
Nd6 29.Nf4 Ra2 30.Re7 Rxa3 31.Rd7 Ra6 32.Ne6+ Kf6 33.Nc5 Rb6 34.f4 Kf5 35.Kg2
h5 36.Kf3 Kf6 37.h3 Kg7 38.g4 hxg4+ 39.hxg4 Kf8 40.f5 gxf5 41.gxf5 Kg7 42.Kf4
Kf6 43.b5 Nxf5 44.Nxb7 Rxb5 45.Nd8 Rb4+ 46.Kf3 Rb3+ 47.Kf2 a5 48.Rxf7+ Kg5
49.Ra7 Ra3 50.Nc6 a4 51.Ke2 Kf4 52.Kd2 Ke4 53.Rd7 Rb3 54.Ra7 Rd3+ 55.Kc2 Ne3+
56.Kb1 Ra3 57.Re7+ Kd5 58.Nb4+ Kd6 59.Re4 Rb3+ 60.Ka2 Rc3 61.Rd4+ Kc5 62.Rd3
{#d} 1/2-1/2

[Event "Ch Czechoslovakia (match)"]
[Site "masterchessopen.com Prague (Czech Republic)"]
[Round "2"]
[White "Pachman Ludek (GER)"]
[Black "Filip Miroslav (CZE)"]
[Result "1-0"]
[WhiteElo "2278"]
[BlackElo "2465"]

1.d4 Nf6 2.c4 g6 3.g3 Bg7 4.Bg2 d5 5.cxd5 Nxd5 6.e4 Nb4 7.d5 c6 8.Ne2 O-O
9.O-O e6 10.a3 N4a6 11.Nbc3 exd5 12.exd5 cxd5 13.Nxd5 Nc6 14.Nec3 Nc7 15.Nxc7
Qxc7 16.Nd5 Qd8 17.Bf4 Ne5 18.Re1 Bg4 19.Qb3 Re8 20.h3 Bd7 21.Rad1 Qc8 22.Bxe5
Bxe5 23.Rxe5 Rxe5 24.Nf6+ Kg7 25.Nxd7 Re7 26.Qd3 h5 27.Qd4+ Kh6 28.Qf4+ Kh7
29.Nf6+ Kg7 30.Qg5 Qh8 31.Bf3 Kf8 32.Nd7+ Ke8 33.Bxb7 {#r} 1-0

[Event "Olympiad"]
[Site "masterchessopen.com Moscow (Russia)"]
[Date "1956.09.12"]
[Round "3"]
[White "Porath Yosef (ISR)"]
[Black "Barcza Gedeon (HUN)"]
[Result "0-1"]
[WhiteElo "2340"]
[BlackElo "2435"]

1.d4 Nf6 2.c4 g6 3.g3 Bg7 4.Bg2 d5 5.cxd5 Nxd5 6.e4 Nb4 7.d5 c6 8.Ne2 cxd5
9.exd5 Bf5 10.Qa4+ N8c6 11.O-O Bc2 12.Qa3 Nxd5 13.Qc5 Bxb1 14.Rxb1 e6 15.Nc3
Qb6 16.Qxb6 Nxb6 17.Nb5 O-O 18.Nd6 Nd5 19.Nxb7 Rab8 20.Nc5 Rfc8 21.Bxd5 exd5
22.Rd1 Nd4 23.Be3 Nc2 24.Nb3 Nxe3 25.fxe3 Rc2 26.Rxd5 Bh6 27.Rd3 Re2 28.Rbd1
Rxb2 29.R1d2 R8xb3 30.axb3 Rxd2 {#R} 0-1

[Event "Ch Hungary"]
[Site "masterchessopen.com Budapest (Hungary)"]
[Round "0"]
[White "Lengyel Levente (HUN)"]
[Black "Honfi Karoly (HUN)"]
[Result "1/2-1/2"]
[WhiteElo "2293"]
[BlackElo "2365"]

1.c4 Nf6 2.g3 g6 3.Bg2 d5 4.cxd5 Nxd5 5.d4 Bg7 6.e4 Nb4 7.d5 c6 8.Ne2 cxd5
9.exd5 Bf5 10.O-O O-O 11.Nbc3 N8a6 12.Nf4 Rc8 13.g4 Bc2 14.Qe2 g5 15.Nh5 Bd3
16.Qd2 Bh6 17.a3 Bxf1 18.Bxf1 Rxc3 19.bxc3 Nxd5 20.h4 f6 21.Bc4 Nc7 22.Qd4 e6
23.Qxa7 b5 24.Bf1 Nxc3 25.hxg5 Bxg5 26.Bxg5 fxg5 27.Qe3 N3d5 28.Qe5 Rf7 29.Rd1
Qe7 30.Rd4 h6 31.Bg2 Nf6 32.Bc6 Nxh5 33.gxh5 Qf6 34.Qxf6 Rxf6 35.Rd8+ Rf8
36.Rd7 Rf7 37.Rd8+ Kg7 38.Rb8 Kf6 39.Bxb5 Nxb5 40.Rxb5 Ra7 41.Rb3 Ra4 42.Kg2
Rg4+ 43.Rg3 Re4 44.Rb3 Ra4 45.Rf3+ Ke5 46.Rb3 Ra5 47.Rb7 {#d} 1/2-1/2

[Event "It"]
[Site "masterchessopen.com Krakow (Poland)"]
[Round "1"]
[White "Korchnoi Viktor (SUI)"]
[Black "Witkowski Stefan (POL)"]
[Result "1-0"]
[WhiteElo "2556"]
[BlackElo "2178"]

1.d4 Nf6 2.c4 g6 3.g3 Bg7 4.Bg2 d5 5.cxd5 Nxd5 6.e4 Nb4 7.d5 c6 8.Ne2 cxd5
9.a3 Qa5 10.O-O dxe4 11.Bd2 N8c6 12.Bxe4 Qe5 13.Bxc6+ Nxc6 14.Bc3 Qe4 15.Nd2
{#r} 1-0

[Event "Ch Budapest"]
[Site "masterchessopen.com Budapest (Hungary)"]
[Round "0"]
[White "Navarovszky Laszlo (HUN)"]
[Black "Liptay Laszlo (HUN)"]
[Result "1-0"]
[WhiteElo "2280"]
[BlackElo "2335"]

1.d4 Nf6 2.c4 g6 3.g3 Bg7 4.Bg2 d5 5.cxd5 Nxd5 6.e4 Nb4 7.d5 c6 8.a3 Qa5 9.Nc3
cxd5 10.Be3 Nc2+ 11.Qxc2 d4 12.b4 Qc7 13.Bxd4 Bxd4 14.Nge2 Bg7 15.Rc1 Nd7
16.Nd5 Qxc2 17.Rxc2 Kd8 18.O-O e6 19.Nc7 Rb8 20.f4 a6 21.Bh3 Nb6 22.f5 Be5
23.fxe6 Bxc7 24.Rd1+ Bd7 25.exf7 Rf8 26.Nd4 Be5 27.Nf3 Ke7 28.Bxd7 Nxd7
29.Rcd2 {#r} 1-0

[Event "It"]
[Site "masterchessopen.com Copenhagen (Denmark)"]
[Round "15"]
[White "Jakobsen Ole (DEN)"]
[Black "Barcza Gedeon (HUN)"]
[Result "1/2-1/2"]
[WhiteElo "2334"]
[BlackElo "2435"]

1.d4 Nf6 2.c4 g6 3.g3 Bg7 4.Bg2 d5 5.cxd5 Nxd5 6.e4 Nb4 7.a3 N4c6 8.d5 Nd4
9.Nc3 c5 10.Nce2 e5 11.Nxd4 cxd4 12.f4 f6 13.Nf3 O-O 14.O-O Na6 15.b4 Nc7
16.Qb3 Kh8 17.fxe5 fxe5 18.Bg5 Qe8 19.a4 Bg4 20.Rac1 Qd7 21.b5 Ne8 22.Bd2 Bxf3
23.Rxf3 Nd6 24.Rxf8+ Rxf8 25.Qb4 h6 26.b6 axb6 27.Qxb6 Rf6 28.Qb3 Qg4 29.Qd3
Rf7 30.h3 Qd7 31.Bb4 Bf8 32.Rf1 Kg7 33.Bxd6 Bxd6 34.Rxf7+ Kxf7 35.Qc4 Ke7
36.Bf1 Kd8 37.a5 {#d} 1/2-1/2

[Event "Zt"]
[Site "masterchessopen.com Hague (Netherlands)"]
[Round "13"]
[White "Donner Jan-Hein (NED)"]
[Black "Conrady Alphonse (LUX)"]
[Result "1/2-1/2"]
[WhiteElo "2430"]
[BlackElo "2027"]

1.d4 Nf6 2.c4 g6 3.g3 Bg7 4.Bg2 d5 5.cxd5 Nxd5 6.e4 Nb4 7.d5 c6 8.a3 Qa5 9.Nc3
cxd5 10.Be3 d4 11.axb4 Qd8 12.Bxd4 Bxd4 13.Nge2 Bb6 14.Nd5 Bg4 15.h3 Bd7 16.e5
Nc6 17.Nec3 Be6 18.O-O O-O 19.Re1 Bc7 20.f4 Bb6+ 21.Kh2 Nd4 22.Qa4 Kg7 23.Red1
Nf5 24.Qb5 h5 25.h4 Nh6 26.Nxb6 Qxb6 27.Qxb6 Ng4+ 28.Kg1 axb6 29.Rxa8 Rxa8
30.Bxb7 Ra7 31.Bf3 Ne3 32.Rd3 Nf5 33.Kf2 Nh6 34.Nd5 Rd7 35.Rd1 Bxd5 36.Rxd5
Rc7 37.Rb5 Rc2+ 38.Ke1 Rxb2 39.Rxb6 Nf5 40.Rb7 Nd4 41.Bd5 e6 42.Bc4 Rxb4
43.Rc7 Rb2 {#d} 1/2-1/2

[Event "Ch Hungary"]
[Site "masterchessopen.com Budapest (Hungary)"]
[Round "17"]
[White "Kovacs Laszlo M (HUN)"]
[Black "Ribli Zoltan (HUN)"]
[Result "1/2-1/2"]
[WhiteElo "2339"]
[BlackElo "2588"]

1.d4 Nf6 2.c4 g6 3.g3 Bg7 4.Bg2 d5 5.cxd5 Nxd5 6.e4 Nb4 7.a3 N4c6 8.d5 Nd4
9.Be3 c5 10.Nc3 Qa5 11.Rc1 O-O 12.f4 e6 13.e5 exd5 14.Qa4 Qb6 15.b4 Be6
16.bxc5 Qb2 17.Nge2 Nxe2 18.Nxe2 Bd7 19.Qb4 Qa2 20.Qxb7 Bc6 21.Qb1 Qxa3 22.Kf2
d4 23.Nxd4 Bxg2 24.Nb5 Qa6 25.Kxg2 Nc6 26.Rc2 Rab8 27.Rb2 Qb7 28.Qe4 a6
29.Rhb1 axb5 30.Rxb5 Qa6 31.Rxb8 Rxb8 32.Rb6 Rxb6 33.cxb6 Qb5 34.g4 Bf8 35.Kg3
Qb3 36.Kf2 Qb5 37.Qc2 Be7 38.Qa2 Bh4+ 39.Kg2 Kg7 40.g5 Qd3 41.Qd2 Qe4+ 42.Kg1
Ne7 43.e6 Qxe6 44.Qd4+ f6 45.Qxf6+ Qxf6 46.gxf6+ Kxf6 47.b7 Nc6 48.Ba7 Kf5
49.b8=Q Nxb8 50.Bxb8 Be1 51.Kg2 Ke4 52.Bc7 {#d} 1/2-1/2

[Event "Ch World (students)"]
[Site "masterchessopen.com Graz (Austria)"]
[Round "9"]
[White "Grunberg Sergiu Henric (ROM)"]
[Black "Diaz Joaquin C (CUB)"]
[Result "1-0"]
[WhiteElo "2330"]
[BlackElo "2305"]

1.d4 Nf6 2.c4 g6 3.g3 Bg7 4.Bg2 d5 5.cxd5 Nxd5 6.e4 Nb4 7.d5 c6 8.Ne2 O-O 9.a3
N4a6 10.O-O e6 11.Nbc3 cxd5 12.exd5 exd5 13.Nxd5 Nc6 14.Nec3 Be6 15.Bf4 Re8
16.Rc1 Ne7 17.Bg5 Qd7 18.Nxe7+ Rxe7 19.Bxe7 Qxe7 20.Nd5 Qe8 21.Rc2 Qb5 22.b4
Rf8 23.Rd2 h6 24.Re1 Kh7 25.Bf1 Qe8 26.Bxa6 bxa6 27.Nc7 Qe7 28.Nxe6 fxe6
29.Rd7 Qf6 30.Qe2 Kh8 31.Rd6 {#r} 1-0

[Event "It (cat.11)"]
[Site "masterchessopen.com Budapest (Hungary)"]
[Round "14"]
[White "Antoshin Vladimir S (RUS)"]
[Black "Sax Gyula (HUN)"]
[Result "0-1"]
[WhiteElo "2250"]
[BlackElo "2460"]

1.d4 Nf6 2.c4 g6 3.g3 Bg7 4.Bg2 d5 5.cxd5 Nxd5 6.e4 Nb4 7.a3 N4c6 8.d5 Nd4
9.Nc3 O-O 10.Nge2 Bg4 11.O-O Bf3 12.Bxf3 Nxf3+ 13.Kg2 Ne5 14.f4 Ned7 15.Be3 c6
16.Qb3 Nb6 17.dxc6 Nxc6 18.Rfd1 Qc8 19.Bxb6 axb6 20.Qxb6 Na5 21.Qf2 Qc4 22.Rd5
e6 23.Rc5 Qa6 24.Rd1 Rfd8 25.Rxd8+ Rxd8 26.e5 Bf8 27.Rb5 Nc4 28.Qf3 Rd7 29.Kh3
Be7 30.a4 Kg7 31.Qe4 Nd2 32.Qe3 Nc4 33.Qe4 Nd2 34.Qh1 h5 35.b3 h4 36.Qg1 Qc6
37.Qg2 Nf3 38.Qf2 hxg3 39.hxg3 Rd8 40.Kg4 Nd2 {#R} 0-1

[Event "?"]
[Site "masterchessopen.com URS"]
[Round "0"]
[White "Gofshtein Zvulon (ISR)"]
[Black "Kotkov Yuri M (RUS)"]
[Result "0-1"]
[WhiteElo "2504"]
[BlackElo "2390"]

1.d4 Nf6 2.c4 g6 3.g3 Bg7 4.Bg2 d5 5.cxd5 Nxd5 6.e4 Nb4 7.d5 c6 8.Nc3 cxd5
9.exd5 Bf5 10.Qa4+ N8c6 11.Nge2 Nc2+ 12.Kf1 O-O 13.dxc6 b5 14.Qf4 Nxa1 15.g4
e5 16.Qb4 Bd3 17.Qc5 e4 18.Nxe4 Bxe4 19.Bxe4 Qd1+ 20.Kg2 Qxe2 21.Bf3 Qc4
22.Qxc4 bxc4 23.c7 Rac8 24.Bf4 Bxb2 25.Bb7 Nc2 26.Bxc8 Rxc8 27.Rb1 c3 28.Rd1
Kg7 29.g5 Ne3+ 30.Bxe3 c2 31.Rd7 c1=Q 32.Bxc1 Bxc1 33.Kf3 Bxg5 34.Ke4 Kf6
35.f4 Ke6 {#R} 0-1

[Event "It (a)"]
[Site "masterchessopen.com Wijk aan Zee (Netherlands)"]
[Round "0"]
[White "Donner Jan-Hein (NED)"]
[Black "Smejkal Jan (CZE)"]
[Result "0-1"]
[WhiteElo "2485"]
[BlackElo "2600"]

1.d4 Nf6 2.c4 g6 3.g3 Bg7 4.Bg2 d5 5.cxd5 Nxd5 6.e4 Nb4 7.d5 c6 8.a3 Qa5 9.Nc3
cxd5 10.Be3 d4 11.axb4 Qd8 12.Bxd4 Bxd4 13.Nge2 Bb6 14.Nd5 O-O 15.O-O Be6
16.Nxb6 Qxb6 17.Qd4 Na6 18.Qxb6 axb6 19.b5 Nc5 20.Nd4 Bc4 21.Rxa8 Rxa8 22.Rc1
Bd3 23.e5 Ra4 24.Nf3 Rb4 25.Ne1 Bxb5 26.Rc2 g5 27.Bf1 Bxf1 28.Kxf1 Kg7 29.f3
h5 30.h3 Kg6 31.g4 Rb3 32.Rd2 h4 33.Kf2 b5 34.Ke2 b6 35.Kf2 Kg7 36.Ke2 Kf8
37.Kf2 Ke8 38.Ke2 Kf8 39.Kf2 Kg8 40.Ke2 Kh7 41.Kf2 Kh8 42.Ke2 Kg8 43.Kf2 Kh8
44.Ke2 Kg8 45.Kf2 Kf8 46.Ke2 Kg7 47.Kf2 Kh7 48.Ke2 Kh8 49.Kf2 Kh7 50.Ke2 Kh6
51.Kf2 Kg7 52.Ke2 Kh7 53.Kf2 Kh6 54.Ke2 Kg7 55.Kf2 f6 56.exf6+ Kxf6 57.Ke2 e6
58.Kd1 Ke7 59.Re2 Na4 60.Kc1 Kf6 61.Rf2 e5 62.Re2 Nc5 63.Kc2 e4 64.fxe4 Rxh3
65.Rf2+ Ke7 66.Rf5 Ne6 67.Kd2 Rh2+ 68.Kc3 h3 69.Nd3 Rg2 70.Rf3 Nf4 71.Nxf4
{#R} 0-1

[Event "Ch Romania"]
[Site "masterchessopen.com Timishoara (Romania)"]
[Round "0"]
[White "Ungureanu Emil (ROM)"]
[Black "Stanciu Traian (ROM)"]
[Result "1-0"]
[WhiteElo "2188"]
[BlackElo "2315"]

1.d4 Nf6 2.c4 g6 3.g3 Bg7 4.Bg2 d5 5.cxd5 Nxd5 6.e4 Nb4 7.d5 O-O 8.Ne2 c6 9.a3
N4a6 10.Nbc3 cxd5 11.exd5 Nd7 12.O-O Ne5 13.h3 Bd7 14.Bg5 h6 15.Be3 Nc4 16.Qc1
Nxe3 17.Qxe3 Qc8 18.Qxe7 Re8 19.Qh4 g5 20.Qh5 Re5 21.Qf3 g4 22.hxg4 Bxg4
23.Qd3 Nc5 24.Qd1 Qe8 25.f3 Bf5 26.Nf4 Re3 27.Kh2 Nd3 28.Nxd3 Rxd3 29.Qb3 Qe3
30.Rfd1 Qg5 31.Rxd3 Qh5+ 32.Kg1 Bxd3 33.Qb4 Re8 34.Rd1 Qg6 35.Qg4 Qb6+ 36.Kh2
h5 37.Qg5 Re5 38.Qd2 Bf5 39.d6 Bd7 40.Bh3 h4 41.Bxd7 hxg3+ 42.Kg2 Rh5 43.Rh1
Bh6 44.Qe1 Qxb2+ 45.Kxg3 Rxh1 46.Qxh1 Qxc3 47.Qxh6 Qe1+ 48.Kg4 Qg1+ 49.Kf5
Qb1+ 50.Kg5 Qg1+ 51.Kf6 Qa1+ 52.Ke7 Qe5+ 53.Be6 b5 54.Qg6+ Kh8 55.Qxf7 {#r}
1-0

[Event "It (a)"]
[Site "masterchessopen.com Bydgoszcz (Poland)"]
[Round "7"]
[White "Czerniakow Wieslaw (POL)"]
[Black "Tomaszewski Roman (POL)"]
[Result "0-1"]
[WhiteElo "2205"]
[BlackElo "2332"]

1.d4 Nf6 2.c4 g6 3.g3 Bg7 4.Bg2 d5 5.cxd5 Nxd5 6.e4 Nb4 7.d5 O-O 8.Ne2 c6
9.O-O cxd5 10.exd5 Bf5 11.Nbc3 Nd7 12.Be3 Nc2 13.Rc1 Nxe3 14.fxe3 Ne5 15.e4
Bg4 16.h3 Bd7 17.b3 Rc8 18.Kh2 Qa5 19.a4 Qb6 20.Nb5 Bxb5 21.Rxc8 Rxc8 22.axb5
Qxb5 23.Nf4 Rc3 24.d6 e6 25.Ne2 Rc8 26.Nd4 Qb6 27.Nf3 Rd8 28.Nxe5 Bxe5 29.Qf3
Rd7 30.Rd1 Rxd6 31.Rxd6 Qxd6 32.h4 Qd2 33.Kh3 Kg7 34.Bf1 a6 35.Be2 Qe1 36.Kg2
Bxg3 37.Qxg3 Qxe2+ 38.Kh3 Qxe4 39.Qc3+ e5 40.Qc7 h5 41.b4 Qg4+ 42.Kh2 Qxh4+
43.Kg2 Qe4+ 44.Kh3 h4 45.b5 axb5 46.Qe7 Qf4 47.Kg2 Qg3+ 48.Kh1 {#R} 0-1

[Event "?"]
[Site "masterchessopen.com URS"]
[Round "0"]
[White "Osnos Viatcheslav (RUS)"]
[Black "Baikov Vladimir A (RUS)"]
[Result "1-0"]
[WhiteElo "2384"]
[BlackElo "2418"]

1.d4 Nf6 2.c4 g6 3.g3 Bg7 4.Bg2 d5 5.cxd5 Nxd5 6.e4 Nb4 7.d5 c6 8.Ne2 cxd5
9.a3 Qa5 10.O-O dxe4 11.Bd2 N8c6 12.Bxe4 Qa6 13.Nbc3 Nd3 14.Nd5 O-O 15.Nc7 Qc4
16.Bxd3 Qxd3 17.Nf4 Qd6 18.Nxa8 Qb8 19.Bc3 e5 20.Nd5 Qxa8 21.Bb4 Rd8 22.Ne7+
Kh8 23.Nxc6 Rxd1 24.Rfxd1 Bf6 25.Nxe5 Be6 26.Bc3 Kg7 27.Rd3 b6 28.Re1 Bh3
29.f3 h5 30.Rd6 Be6 31.Kg2 Qc8 32.h4 Bh3+ 33.Kh2 Be6 34.Re2 Qa6 35.Rdd2 Qb5
36.Kg2 Bc8 37.Re1 Qb3 38.Kf2 Qb5 39.Bd4 Qb3 40.Nc6 Qa4 41.Bxf6+ Kxf6 42.Rc1
Be6 43.Rc3 a5 44.Nd8 Qb5 45.Rc6 Ke7 46.Rc7+ Kf6 47.Nb7 Kg7 48.Nd6 Qb3 49.Rc3
Qa2 50.Re3 Qb1 51.Re1 Qa2 52.Ne8+ Kf8 53.Nc7 Bc4 54.g4 hxg4 55.fxg4 Be6
56.Nxe6+ fxe6 57.Re4 Qb3 58.Kg2 Kf7 59.Rf2+ Kg7 60.Rfe2 Qd5 61.Kh2 Qd6+ 62.Kh3
Qd3+ 63.R4e3 Qd5 64.Kg3 Qd6+ 65.Re5 Kf7 66.Re3 Kg7 67.Kh3 Qc6 68.Rxe6 Qh1+
69.Kg3 Qg1+ 70.Kf4 Kh6 71.Re2 Qf1+ 72.Kg3 Qg1+ 73.Rg2 Qd1 74.Re3 Qd6+ 75.Kh3
Qf4 76.Re1 Qf3+ 77.Rg3 Qf2 78.Rge3 Qxb2 79.Re7 Qc3+ 80.R1e3 Qc8 81.a4 Qh8
82.Rc7 Qg8 83.Rf3 Qe6 84.Rfc3 Qg8 85.Re7 Qh8 86.Rcc7 {#r} 1-0

[Event "Ch World (team) (under 26)"]
[Site "masterchessopen.com Graz (Austria)"]
[Round "0"]
[White "Schuster Michael (AUT)"]
[Black "Valkesalmi Kimmo (FIN)"]
[Result "1/2-1/2"]
[WhiteElo "2146"]
[BlackElo "2367"]

1.d4 Nf6 2.c4 g6 3.g3 Bg7 4.Bg2 d5 5.cxd5 Nxd5 6.e4 Nb4 7.d5 c6 8.a3 Qa5 9.Nc3
cxd5 10.exd5 Bf5 11.axb4 Qxa1 12.Nge2 O-O 13.O-O Qa6 14.Re1 Qd6 15.Nd4 Na6
16.b5 Nb4 17.Nxf5 gxf5 18.Bh3 Qd7 19.Qh5 e6 20.Bh6 Nxd5 21.Rd1 Bxh6 22.Qxh6 f6
23.Bxf5 exf5 24.Nxd5 Qg7 25.Qxg7+ Kxg7 26.Nc7 Rac8 27.Ne6+ Kg6 28.Nxf8+ Rxf8
29.Ra1 Ra8 30.Kg2 a6 31.Kf3 h6 32.Ra5 Rc8 33.bxa6 bxa6 34.Rxa6 Rb8 35.Ra2 Rb3+
36.Ke2 f4 37.Kd1 Kg5 38.Kc1 h5 39.Ra3 Rb5 40.h4+ Kg6 41.Rf3 fxg3 42.fxg3 Kf7
43.Kc2 Rb8 44.Rb3 Rd8 45.Kc3 Ke6 46.Kc4 Kf5 47.Kc5 Kg4 48.Re3 Rc8+ 49.Kd6 Rb8
50.b3 Kf5 51.Rc3 Kg4 52.Kc7 Rb4 53.Rd3 f5 54.Kc6 Rb8 55.Re3 Kh3 56.Kc5 Rc8+
57.Kd5 Rb8 58.Kc5 Rc8+ 59.Kd4 Rb8 60.Kc4 Rc8+ 61.Kd3 Rb8 62.Ke2 Kg2 {#d}
1/2-1/2

[Event "Ch URS (1/2 final)"]
[Site "masterchessopen.com Nikolaev (Ukraine)"]
[Round "0"]
[White "Antoshin Vladimir S (RUS)"]
[Black "Levchenkov Vitaly (LAT)"]
[Result "1-0"]
[WhiteElo "2470"]
[BlackElo "2260"]

1.d4 Nf6 2.c4 g6 3.g3 Bg7 4.Bg2 d5 5.cxd5 Nxd5 6.e4 Nb4 7.a3 N4c6 8.d5 Nd4
9.Nc3 c5 10.Nge2 O-O 11.O-O e5 12.dxe6 Bxe6 13.Nxd4 cxd4 14.Nd5 Nc6 15.Bd2 Rc8
16.Rc1 Re8 17.h4 b5 18.Bg5 f6 19.Bf4 g5 20.hxg5 fxg5 21.Bd2 h6 22.Qb3 a6 23.a4
Na5 24.Bxa5 Qxa5 25.Rxc8 Rxc8 26.axb5 axb5 27.Nf6+ Kf7 28.Qf3 Bxf6 29.e5 Qd8
30.Ra1 Kg8 31.exf6 d3 32.Rd1 d2 33.Qe3 Qxf6 34.Rxd2 Bf7 35.Bd5 Bxd5 36.Rxd5
Qc6 37.Qd3 Re8 38.Qxb5 Re1+ 39.Kg2 Qxb5 40.Rxb5 Kg7 41.Rb7+ Kg6 42.Rb6+ Kg7
43.g4 Re4 44.f3 Re2+ 45.Kf1 Rc2 46.Rb4 Kg6 47.Ke1 Rh2 48.Kd1 Rf2 49.Rb6+ Kg7
50.Rb3 Kf6 51.Kc1 Rh2 52.Re3 h5 53.gxh5 Rxh5 54.Kc2 Kf5 55.b4 Kf4 56.Rd3 Rh8
57.b5 Rb8 58.Rb3 Rb6 59.Kb2 Ke5 60.Kc3 Kd6 61.Kd4 Rb8 62.b6 Rb7 63.Ke4 Ke6
64.Rb1 Kd7 65.Kf5 {#r} 1-0

[Event "Match \"]
[Site "masterchessopen.com Burgas (Bulgaria)"]
[Round "0"]
[White "Semkov Semko (BUL)"]
[Black "Kouatly Bachar (FRA)"]
[Result "0-1"]
[WhiteElo "2410"]
[BlackElo "2470"]

1.d4 Nf6 2.c4 g6 3.g3 Bg7 4.Bg2 d5 5.cxd5 Nxd5 6.e4 Nb4 7.a3 N4c6 8.d5 Nd4
9.Nc3 c6 10.Nge2 Bg4 11.h3 Bf3 12.Bxf3 Nxf3+ 13.Kf1 cxd5 14.exd5 Nd7 15.Be3
O-O 16.Kg2 Nfe5 17.Qb3 Qa5 18.Rhd1 Rfc8 19.Rd4 Nb6 20.Rb4 Nec4 21.Bg5 Qc5
22.Rd1 Qd6 23.Rb5 e6 24.Bf4 Qd7 25.a4 Nxd5 26.Nxd5 exd5 27.Rxb7 Qc6 28.Qb5
Qxb5 29.axb5 Rd8 30.Ra1 d4 31.Ng1 d3 32.Nf3 Bxb2 33.Ra2 Bc3 34.Nd2 Nxd2
35.Bxd2 Bd4 36.Ra6 Bb6 37.Ra4 Rac8 38.Rf4 Rc7 39.Rxc7 Bxc7 40.Rc4 Bb6 41.Rc1
Rd5 42.Rb1 f5 43.g4 Kf7 44.gxf5 gxf5 45.Kf3 Ke6 46.h4 h5 47.Rg1 Rxb5 48.Rg6+
Kd5 49.Rg5 Kc4 50.Rxh5 Rb2 51.Be3 Bxe3 52.fxe3 Rb1 53.Rh7 Rf1+ {#R} 0-1

[Event "It (open)"]
[Site "masterchessopen.com New York (USA)"]
[Round "0"]
[White "Djuric Stefan (SRB)"]
[Black "Smejkal Jan (CZE)"]
[Result "0-1"]
[WhiteElo "2465"]
[BlackElo "2540"]

1.d4 Nf6 2.c4 g6 3.g3 Bg7 4.Bg2 d5 5.cxd5 Nxd5 6.e4 Nb4 7.d5 c6 8.a3 Qa5 9.Nc3
cxd5 10.Bf4 N4c6 11.exd5 Nd4 12.Nf3 Bg4 13.O-O O-O 14.Re1 Re8 15.Be5 Bxe5
16.Rxe5 Nb5 17.Nxb5 Qxb5 18.Re4 Bxf3 19.Qxf3 Nd7 20.Rb4 Qa6 21.Rd1 Rab8 22.Qe3
Qa5 23.Rc1 Nf6 24.Qd4 Red8 25.Rd1 Nxd5 26.Ra4 Qb5 27.Qxa7 Nc3 28.Qxb8 Rxb8
29.Rb4 Qxb4 {#R} 0-1

[Event "Ch Netherlands (corr.)"]
[Site "masterchessopen.com corr."]
[Round "0"]
[White "Compagnie Luc Gerrit (NED)"]
[Black "Visser Yge (NED)"]
[Result "1-0"]
[WhiteElo "2189"]
[BlackElo "2465"]

1.d4 Nf6 2.c4 g6 3.g3 d5 4.cxd5 Nxd5 5.Bg2 Bg7 6.e4 Nb4 7.d5 c6 8.a3 N8a6
9.Ne2 O-O 10.Nbc3 e6 11.O-O cxd5 12.exd5 exd5 13.Nxd5 Nc7 14.Nec3 Ncxd5
15.Nxd5 Nc6 16.Bf4 Bf5 17.Qd2 Qd7 18.Bh6 f6 19.Rfd1 Rad8 20.Qc3 Qf7 21.Be3 Be6
22.Qc5 f5 23.Rd2 Rc8 24.Qb5 Rfe8 25.Rad1 a6 26.Qa4 Ne5 27.Nb6 Bb3 28.Qxb3 Qxb3
29.Nxc8 Kh8 30.Nd6 Rf8 31.Bd5 Qa4 32.Bf4 b5 33.Bxe5 Bxe5 34.Nf7+ Rxf7 35.Bxf7
Bxb2 36.Rd7 Qxa3 37.Re1 Be5 {#r} 1-0

[Event "Ch URS (1 liga)"]
[Site "masterchessopen.com Lvov (Ukraine)"]
[Round "0"]
[White "Romanishin Oleg M (UKR)"]
[Black "Zaichik Gennadi (USA)"]
[Result "1-0"]
[WhiteElo "2555"]
[BlackElo "2490"]

1.d4 Nf6 2.c4 g6 3.g3 Bg7 4.Bg2 d5 5.cxd5 Nxd5 6.e4 Nb4 7.Nf3 Bxd4 8.O-O Bg7
9.Qa4+ N4c6 10.Rd1 Bd7 11.Nc3 O-O 12.Qa3 Qc8 13.Bg5 f6 14.Be3 Bg4 15.h3 Bxf3
16.Bxf3 Nd7 17.b4 e6 18.Bg2 Re8 19.Qb3 a6 20.Rac1 Kh8 21.a3 Nf8 22.h4 Ne5
23.Na4 Ned7 24.Bb6 c6 25.Bh3 f5 26.Bd4 Qc7 27.Bxg7+ Kxg7 28.Qb2+ Kg8 29.exf5
exf5 30.Nc5 Nxc5 31.bxc5 Rad8 32.Rd6 Qg7 33.Qb3+ Kh8 34.Rcd1 Rc8 35.Qb6 Re7
36.Rd8 Rxd8 37.Qxd8 h5 38.Bf1 Kh7 39.Bc4 Re5 40.Qd6 Qe7 41.a4 Qxd6 42.cxd6 Re8
43.Rb1 b5 44.Bf1 Rd8 45.Rd1 Kg7 46.Bg2 c5 47.Bb7 bxa4 48.Bxa6 Kf6 49.Bb5 a3
50.d7 Nxd7 51.Ra1 Nb6 52.Rxa3 c4 53.Ra6 Rd6 54.Ba4 Ke5 55.Be8 c3 {#r} 1-0

[Event "It (open)"]
[Site "masterchessopen.com New York (USA)"]
[Round "0"]
[White "Djuric Stefan (SRB)"]
[Black "Ornstein Axel (SWE)"]
[Result "1-0"]
[WhiteElo "2463"]
[BlackElo "2413"]

1.d4 Nf6 2.c4 g6 3.g3 Bg7 4.Bg2 d5 5.cxd5 Nxd5 6.e4 Nb4 7.d5 c6 8.a3 Qa5 9.Nc3
cxd5 10.Bf4 N4c6 11.exd5 Nd4 12.Nf3 Bg4 13.O-O O-O 14.Re1 Re8 15.Be5 Bxe5
16.Rxe5 Nf5 17.Re4 Bxf3 18.Qxf3 Nd7 19.Bh3 e6 20.dxe6 fxe6 21.Rd1 Qc7 22.Bxf5
gxf5 23.Red4 Nf6 24.Nb5 Qe5 25.Nd6 Re7 26.Qc3 Rd7 27.f4 Qe2 28.R4d2 {#r} 1-0

[Event "Ch Sweden"]
[Site "masterchessopen.com Stockholm (Sweden)"]
[Round "0"]
[White "Ornstein Axel (SWE)"]
[Black "Wiedenkeller Michael (SWE)"]
[Result "1-0"]
[WhiteElo "2413"]
[BlackElo "2450"]

1.d4 Nf6 2.c4 g6 3.g3 Bg7 4.Bg2 d5 5.cxd5 Nxd5 6.e4 Nb4 7.d5 c6 8.a3 Qa5 9.Nc3
cxd5 10.Bf4 N4c6 11.exd5 Nd4 12.Nf3 Nb5 13.O-O Nxc3 14.bxc3 O-O 15.c4 Bxa1
16.Qxa1 Re8 17.Re1 Nd7 18.Bh6 f6 19.Ng5 Nb6 20.c5 Na4 21.d6 Qc3 22.Bd5+ Kh8
23.Nf7+ Kg8 24.Nd8+ Kh8 25.Qxc3 Nxc3 26.Rxe7 Rxe7 27.dxe7 Bd7 28.Bxb7 Rb8
29.c6 {#r} 1-0

[Event "It"]
[Site "masterchessopen.com Trnava (Slovakia)"]
[Round "0"]
[White "Stohl Igor (SVK)"]
[Black "Kouatly Bachar (FRA)"]
[Result "1/2-1/2"]
[WhiteElo "2465"]
[BlackElo "2440"]

1.d4 Nf6 2.c4 g6 3.g3 Bg7 4.Bg2 d5 5.cxd5 Nxd5 6.e4 Nb4 7.d5 c6 8.a3 Qa5 9.Nc3
cxd5 10.Bf4 N4a6 11.exd5 Bg4 12.Qd2 Nd7 13.f3 Ndc5 14.fxg4 Nb3 15.Qd1 Bxc3+
16.bxc3 Qxc3+ 17.Kf2 Nxa1 18.Qa4+ Kf8 19.Ne2 Qg7 20.Qd1 Nc5 21.Qxa1 Nd3+
22.Ke3 Nxf4 23.gxf4 Rc8 24.Qe5 Qxe5+ 25.fxe5 Kg7 26.Rb1 b6 27.Kd3 {#d} 1/2-1/2

[Event "?"]
[Site "masterchessopen.com Belgrade (Yugoslavia)"]
[Round "0"]
[White "Sekulic Dusan (SRB)"]
[Black "Janjgava Lasha (GEO)"]
[Result "1/2-1/2"]
[WhiteElo "2305"]
[BlackElo "2470"]

1.d4 Nf6 2.c4 g6 3.g3 Bg7 4.Bg2 d5 5.cxd5 Nxd5 6.e4 Nb4 7.a3 N4c6 8.d5 Nd4
9.Nf3 Nxf3+ 10.Qxf3 O-O 11.O-O e6 12.Qb3 exd5 13.exd5 Nd7 14.Be3 Ne5 {#d}
1/2-1/2

[Event "It"]
[Site "masterchessopen.com Frankfurt (Germany)"]
[Round "5"]
[White "Sinkovics Peter (HUN)"]
[Black "Doery Jeno (HUN)"]
[Result "1/2-1/2"]
[WhiteElo "2317"]
[BlackElo "2276"]

1.d4 Nf6 2.c4 g6 3.g3 Bg7 4.Bg2 d5 5.cxd5 Nxd5 6.e4 Nb4 7.d5 O-O 8.a3 N4a6
9.Nc3 e6 10.Nge2 exd5 11.exd5 c6 12.O-O cxd5 13.Qxd5 Nc6 14.Qxd8 Rxd8 15.Bg5
Re8 16.Be3 Na5 17.b4 Nc4 18.Bd4 {#d} 1/2-1/2